Wings of Fire Trivia - Statistics

General Stats
  • This quiz has been taken 2,356 times
  • The average score is 11 of 15
Answer Stats
Hint Answer % Correct
Find the SeaWing Egg of ___ blue Deepest
92%
Author of Wings of Fire Tui T Sutherland
87%
Starflight's father's name Mastermind
86%
Moonwatcher is part of what winglet? Jade
80%
The ___ egg on mountain high Largest
80%
Which dragonet of destiny was held in a cage in Scarlet's dining hall? Sunny
80%
Winter and Icicle's lost brother Hailstorm
76%
_____ stabbed Webs with a poisonous tail Blister
74%
Queen of the MudWings Moorhen
74%
Youngest SeaWing daughter as of Book 6 Auklet
73%
The NightWing island is to what cardinal direction of Pyrrhia? North
73%
Clay's oldest brother Reed
73%
In Book 4, the NightWing Queen is named _______ Battlewinner
72%
The 'replacement' SandWing Viper
68%
Queen Scarlet's son, arena announcer Vermillion
59%
No matching quizzes found
Score Distribution
Percent of People with Each Score
Percentile by Number Answered
Your Score History
You have not taken this quiz